Statistiques concernant Top 10 des plus petits États américains par superficie

Cliquez ici pour prendre le quiz!

Statistiques générales

  • Ce quiz a été pris 4 812 fois
  • Le résultat moyen est 7 sur 10

Statistiques - réponses

km2etat% Correct
2 678Rhode Island
88%
19 047New Jersey
80%
23 871Vermont
79%
5 047Delaware
76%
23 187New Hampshire
75%
12 542Connecticut
74%
16 635Hawaï
71%
25 142Maryland
69%
20 202Massachusetts
43%
62 259Virginie-Occidentale
39%

Distribution des résultats

Percentile par nombre de réponses

% des personnes avec chaque résultat

Votre développement - résultats

Vous n’avez pas pris ce quiz